| 000 | 01813nam a22003132a 4500 | ||
|---|---|---|---|
| 001 | 30610 | ||
| 003 | BD-RjUL | ||
| 005 | 20211209051605.0 | ||
| 008 | 140410t1952 enk b 001 0 eng d | ||
| 035 | _a(BD-RjUL)30696 | ||
| 040 |
_aDLC _beng _cDLC _dBD-RjUL |
||
| 041 | _aeng | ||
| 082 | 0 | 4 |
_a181.4 _bCON 1952 |
| 245 | 1 | 0 |
_aContemporary Indian philosophy / _cby M. K. Gandhi [and others] edited by S. Radhakrishnan and J. H. Muirhead |
| 250 | _a[Rev. 2d and enl. ed.] | ||
| 260 |
_aLondon : _bG. Allen & Unwin, _c[1952] |
||
| 300 |
_a648 p. ; _c23 cm |
||
| 490 | 1 | _aThe Muirhead library of philosophy | |
| 500 | _aHirlyanna, M. The problem of truth.--Humayun Kabir. Freedom, authority and imagination.--Maitra, S. K. Outlines of an emergent theory of values.--Malkani, G. R. Freedom through knowledge.--Mukerji A. C. Suggestions for a idealistic theory of knowledge.--Murti, T. R. V. The spirit of philosophy.--Radhakrishnan, S. The spirit in man.--Raju, P. T. The inward absolute and the activism of the finite self.--Ranade, R. D. The evolution of my own thought.--Sharif, M. M. Dialectical monadism.--Subrahmanya Iyer, V. Man's interest in philosophy: an Indian view.--Wadia, A. R. Pragmatic idealism | ||
| 504 | _aIncludes bibliographical reference and index. | ||
| 505 | 0 | _aGandhi, M. K. [Answers to three questions]--Tagore, R. The religion of an artist.--Abhedānanda, Swāmi. Hindu philosophy in India.--Bhattacharyya, H. The principle of activism.--Bhattacharyya, K. C. The concept of philosophy.--Chatterji, G. C. Common-sense em | |
| 650 | 0 |
_aHindu philosophy _95119 |
|
| 700 | 1 |
_aMuirhead, Jean Henry, _d1855-1940. _992996 |
|
| 700 | 1 |
_aRadhakrishnan, S. _94068 |
|
| 830 | 0 |
_aMuirhead library of philosophy _993000 |
|
| 942 |
_2ddc _cBK |
||
| 999 |
_c30610 _d30610 |
||